図説・日本経済の将来
Enregistré dans:
| Auteur principal: | |
|---|---|
| Format: | Livre |
| Langue: | Undetermined |
| Publié: |
東京
日本経済新聞社
1972
|
| Tags: |
Ajouter un tag
Pas de tags, Soyez le premier à ajouter un tag!
|
| Thư viện lưu trữ: | Trung tâm Học liệu Trường Đại học Cần Thơ |
|---|
| LEADER | 00498nam a2200169Ia 4500 | ||
|---|---|---|---|
| 001 | CTU_78659 | ||
| 008 | 210402s9999 xx 000 0 und d | ||
| 082 | |a 330.952 | ||
| 082 | |b K16 | ||
| 100 | |a 金森久雄(かなもり ひさお) | ||
| 245 | 0 | |a 図説・日本経済の将来 | |
| 245 | 0 | |c 金森久雄, 日本経済研究センター | |
| 260 | |a 東京 | ||
| 260 | |b 日本経済新聞社 | ||
| 260 | |c 1972 | ||
| 904 | |i Ngoc | ||
| 980 | |a Trung tâm Học liệu Trường Đại học Cần Thơ | ||